Pronunciare l'italiano 3 [grabación sonora]: manuale di pronuncia italiana per stranieri. livello intermedio e avanzato

Guardado en:
Autor Principal: Costamagna, Lidia
Formato: Libro
Publicado: Perugia : Guerra, 1996
Materias:
Etiquetas: Agregar Etiqueta
Sin Etiquetas, Sea el primero en etiquetar este registro!
LEADER 00639nam a22001935a 4500
001 EHU.bham040477
003 AR-BHAM
005 20101104160024.0
008 130507s1996##################000#0#####d
082 4 5 |a 451.5 
100 1 |a Costamagna, Lidia 
245 1 0 |a Pronunciare l'italiano 3 [grabación sonora]: manuale di pronuncia italiana per stranieri. livello intermedio e avanzato 
260 |a Perugia :  |b Guerra,  |c 1996 
300 |a 1 casete 
653 |a Italiano 
653 |a Italiano-pronunciación 
653 |a Idioma italiano 
653 |a Italiano-fonética 
859 |a AR-BHAM  |b BIB. HUMANIDADES - General  |h 451.5  |i C673  |p 345.10  |t Ej.1  |v III CAS  |3 CAS